000 01106cam a2200289 a 4500
001 17885243
005 20260422180924.0
008 130913s2015 ctua 001 0 eng d
020 _a9781285427201
_qpbk.
020 _a1285427203
_qpbk.
050 0 0 _aPE1417
_b.S87 2015
082 0 0 _a808/.0427
_223
245 0 4 _aThe sundance reader /
_c[edited by] Mark Connelly.
250 _a7th ed.
260 _aStamford, CT :
_bCengage learning,
_cc2015.
300 _axxx, 514 p. :
_bcol. ill.;
_c23 cm.
500 _aIncludes index.
650 0 _aCollege readers.
650 0 _aEnglish language
_xRhetoric
_vProblems, exercises, etc.
650 0 _aReport writing
_vProblems, exercises, etc.
650 0 _aCritical thinking.
700 1 _aConnelly, Mark,
_d1951-
856 4 2 _3Contributor biographical information
_uhttp://www.loc.gov/catdir/enhancements/fy1501/2013950395-b.html
856 4 2 _3Publisher description
_uhttp://www.loc.gov/catdir/enhancements/fy1501/2013950395-d.html
856 4 1 _3Table of contents only
_uhttp://www.loc.gov/catdir/enhancements/fy1501/2013950395-t.html
942 _2lcc
_cBK
_n0
999 _c9561
_d9561